000 00406nam a2200169Ia 4500
008 230711s9999||||xx |||||||||||||| ||und||
020 _a978-93-86104-07-6
041 _aENG
082 _a530.12
_bRA-A
100 _aRajput.BS
245 0 _aAdvanced quantum mechanics
250 _a13th Ed.
260 _c2016
_aNew Delhi
_bPragati Parkashan Meerut
300 _a824p.
650 _aPhysics
942 _cBK
999 _c6162
_d6162